[Event "Zonal 3.1 2015"]
[Site "Muscat OMA"]
[Date "2015.05.24"]
[Round "9.2"]
[White "Ayyad, Maher"]
[Black "Ghaem Maghami, Ehsan"]
[Result "0-1"]
[WhiteTitle "FM"]
[BlackTitle "GM"]
[WhiteElo "2123"]
[BlackElo "2558"]
[WhiteFideId "11200235"]
[BlackFideId "12500739"]
[EventDate "2015.05.17"]

1. d4 Nf6 2. Nf3 e6 3. c4 Bb4+ 4. Bd2 a5 5. a3 Bxd2+ 6. Qxd2 O-O 7. Nc3 d6 8. g3
Qe7 9. Bg2 e5 10. O-O Re8 11. e4 Bg4 12. Rfe1 Bxf3 13. Bxf3 Nc6 14. Ne2 a4 15.
Qc3 Na5 16. Nc1 exd4 17. Qxd4 Qe5 18. Qxe5 dxe5 19. c5 Nd7 20. Nd3 Nb3 21. c6
bxc6 22. Rad1 c5 23. Bg2 Rad8 24. f4 Kf8 25. Bh3 exf4 26. Bxd7 Rxd7 27. Nxf4 0-1

[Event "Zonal 3.1 2015"]
[Site "Muscat OMA"]
[Date "2015.05.24"]
[Round "9.3"]
[White "Nezad, Husein Aziz"]
[Black "Darini, Pouria"]
[Result "0-1"]
[WhiteTitle "IM"]
[BlackTitle "GM"]
[WhiteElo "2404"]
[BlackElo "2485"]
[WhiteFideId "12100293"]
[BlackFideId "12502200"]
[EventDate "2015.05.17"]

1. d4 Nf6 2. c4 b6 3. Nc3 Bb7 4. Qc2 d5 5. Nf3 e6 6. Bg5 Be7 7. cxd5 Nxd5 8.
Bxe7 Qxe7 9. Nxd5 Bxd5 10. e4 Bb7 11. Bb5+ c6 12. Bd3 O-O 13. O-O c5 14. d5 exd5
15. exd5 g6 16. Rfe1 Qf6 17. Bc4 Nd7 18. Rad1 a6 19. a4 Rfe8 20. Rxe8+ Rxe8 21.
h3 Qf4 22. Qc3 Nf6 23. d6 Bxf3 24. gxf3 Rd8 25. Qe3 Qxc4 26. Qe7 Rd7 27. Qxf6
Qe2 28. Rd5 Qe6 29. Qxe6 fxe6 30. Rd2 Kf7 31. f4 Kf6 32. Kg2 e5 33. a5 b5 34.
Rd5 exf4 35. Rxc5 Rxd6 36. h4 Rd2 37. Kf3 Rxb2 38. Rc6+ Kf5 39. Rc5+ Ke6 40.
Rc6+ Ke5 41. Rxa6 Kf5 42. Ra7 Rb3+ 43. Ke2 Rb2+ 44. Kf3 Rb3+ 45. Ke2 h5 46. a6
Kg4 47. Rg7 Rb2+ 48. Ke1 Kf3 49. Rxg6 Rb1+ 50. Kd2 Kxf2 51. Rg5 Ra1 52. Rxh5
Rxa6 53. Kd3 f3 54. Rxb5 Re6 55. h5 Kf1 56. h6 Rxh6 57. Ke3 f2 58. Kd4 0-1

[Event "Zonal 3.1 2015"]
[Site "Muscat OMA"]
[Date "2015.05.24"]
[Round "9.5"]
[White "Masrhi, Abdulrahman A"]
[Black "Abdulwahhab, Ahmed Abdulsattar A"]
[Result "1-0"]
[BlackTitle "FM"]
[WhiteElo "1865"]
[BlackElo "2346"]
[WhiteFideId "21501564"]
[BlackFideId "4801849"]
[EventDate "2015.05.17"]

1. d4 Nf6 2. Bf4 g6 3. e3 Bg7 4. Nf3 O-O 5. h3 d6 6. Be2 Nbd7 7. O-O b6 8. Nbd2
Bb7 9. a4 a5 10. c3 Re8 11. Nc4 Ne4 12. Qc2 e5 13. Bh2 Qe7 14. Rfd1 f5 15. dxe5
dxe5 16. Rxd7 Qxd7 17. Ncxe5 Qe7 18. Bc4+ Kf8 19. Bb5 Nc5 20. Bxe8 Rxe8 21. Rd1
Rd8 22. Rd4 Ne6 23. Rd2 Ke8 24. Nd4 Be4 25. Qb3 Rd5 26. Nef3 Ng5 27. Kf1 Bxf3
28. gxf3 Qd7 29. Ke2 Ne6 30. Qd1 Nc5 31. c4 Rxd4 32. exd4 Nxa4 33. Kf1 b5 34. c5
Bh6 35. Re2+ Kf8 36. Be5 Nxc5 37. Rc2 Na6 38. Qe1 b4 39. Qe2 Qa4 40. Bxc7 b3 41.
Bd6+ 1-0

[Event "Zonal 3.1 2015"]
[Site "Muscat OMA"]
[Date "2015.05.24"]
[Round "9.6"]
[White "Hashem, Khaled"]
[Black "Iyti, Basher"]
[Result "0-1"]
[WhiteTitle "CM"]
[BlackTitle "IM"]
[WhiteElo "1962"]
[BlackElo "2298"]
[WhiteFideId "10300201"]
[BlackFideId "7601875"]
[EventDate "2015.05.17"]

1. d4 g6 2. c4 Bg7 3. Nc3 Nf6 4. e4 d6 5. Nf3 O-O 6. h3 c5 7. Be3 cxd4 8. Nxd4
Nfd7 9. Nf3 Nf6 10. Nd4 Nbd7 11. Be2 a6 12. O-O Nc5 13. Bf3 Rb8 14. Rc1 Bd7 15.
Qd2 b5 16. b4 Ne6 17. cxb5 axb5 18. Nb3 Ne8 19. Nd5 Be5 20. Na5 N8c7 21. Nc6
Bxc6 22. Rxc6 Nxd5 23. exd5 Ng7 24. Bd4 Bxd4 25. Qxd4 Rb7 26. Rfc1 Qa8 27. Qd2
Qa7 28. Bd1 Nf5 29. Bg4 Qd4 30. Qxd4 Nxd4 31. Rc7 Rxc7 32. Rxc7 f5 33. Bd1 Ra8
34. Bb3 Kf7 35. Rb7 f4 36. h4 Rc8 37. f3 Rc3 38. Kf2 Rd3 39. Rb8 h6 40. Rb7 Kf6
41. Ke1 Nxb3 42. axb3 Rxd5 43. Ke2 e6 44. Rh7 Rd4 45. Rxh6 Kg7 0-1

[Event "Zonal 3.1 2015"]
[Site "Muscat OMA"]
[Date "2015.05.24"]
[Round "9.7"]
[White "Al Mamari, Mohammed Salim"]
[Black "Chahrour, Ibrahim"]
[Result "0-1"]
[BlackTitle "FM"]
[WhiteElo "1791"]
[BlackElo "2269"]
[WhiteFideId "22000232"]
[BlackFideId "5301653"]
[EventDate "2015.05.17"]

1. Nf3 Nc6 2. g3 e5 3. d3 d5 4. Bg2 f6 5. O-O Be6 6. Nbd2 Qd7 7. e4 Nge7 8. Qe2
O-O-O 9. exd5 Nxd5 10. a3 h5 11. b4 Bg4 12. Bb2 h4 13. Rfd1 hxg3 14. hxg3 Nd4
15. Bxd4 exd4 16. Re1 Nc3 17. Qf1 g5 18. Ne4 Rh6 19. Nxc3 dxc3 20. Re3 Bd6 21.
Rae1 Rdh8 22. Qe2 c6 23. Re8+ Rxe8 24. Qxe8+ Qxe8 25. Rxe8+ Kc7 26. Re3 a5 27.
Re4 Bd7 28. bxa5 Bxa3 29. Rc4 Be6 30. Ra4 Bc5 31. Nd4 Bxd4 32. Rxd4 Rh8 33. Kf1
Ra8 34. Ra4 Kd6 35. d4 b5 36. Ra1 Bc4+ 37. Ke1 Bd5 38. Bf1 b4 39. Bd3 Re8+ 40.
Kf1 Bf3 41. Ra4 Rh8 42. Ke1 Rh1+ 43. Bf1 Bg2 44. Ke2 Bxf1+ 45. Kf3 b3 46. Ke3
bxc2 47. Ra1 Bg2 0-1